Paesi odierni dell'Impero Romano - Statistics

Statistiche generali
  • Questo quiz è stato fatto 59 volte
  • Il punteggio medio è 46 su 50
Statistiche sulle risposte
Continente Paese % Corretto
Europa Francia
100%
Asia / Europa Turchia
100%
Africa Algeria
98%
Africa / Asia Egitto
98%
Europa Germania
98%
Europa Grecia
98%
Africa Marocco
98%
Europa Spagna
98%
Europa Andorra
96%
Europa Austria
96%
Europa Belgio
96%
Europa Bulgaria
96%
Asia Israele
96%
Europa Italia
96%
Africa Libia
96%
Europa Lussemburgo
96%
Europa Montenegro
96%
Europa Paesi Bassi
96%
Europa Romania
96%
Asia / Europa Russia
96%
Europa San Marino
96%
Africa Tunisia
96%
Europa Ungheria
96%
Europa Bosnia ed Erzegovina
94%
Europa Città del Vaticano
94%
Europa Croazia
94%
Asia Iran
94%
Asia Iraq
94%
Asia Libano
94%
Europa Regno Unito
94%
Europa Svizzera
94%
Europa Albania
92%
Asia Arabia Saudita
92%
Europa Liechtenstein
92%
Europa Malta
92%
Europa Portogallo
92%
Europa Serbia
92%
Europa Slovenia
92%
Asia Cipro
90%
Europa Macedonia del Nord
90%
Europa Slovacchia
90%
Asia / Europa Georgia
88%
Europa Kosovo
88%
Europa Ucraina
88%
Asia Armenia
86%
Asia Giordania
86%
Europa Monaco
84%
Asia Siria
84%
Asia / Europa Azerbaigian
75%
Asia Kuwait
71%
Nessun quiz corrispondente trovato
Distribuzione punteggi
Percentuale di utenti per punteggio
Percentile per numero di risposta
I tuoi punteggi nel tempo
Non hai fatto questo quiz